000 01145 a2200217 4500
001 45892
005 20260407155731.0
008 260407a arg spa d
003 AR-UNSa-BCEJYS
040 _aAR-UNSa-BCEJYS
_bspa
_cAR-UNSa-BCEJYS
080 _a101.1
_xNaturaleza de la filosofía. La filosofía como ciencia. La filosofía como arte (pensamiento filosófico)
245 1 0 _aHisoria de la Filosofía IV - La filosofía del siglo XIX
264 1 _aBuenos Aires :
_bHachette
300 _a662 p.
_c23 cm.
505 _a1. La filosofía del romanticismo y el idealismo alemán – 2. La pedagogía del romanticismo y la escuela popular – 3. Oposiciones al y limitaciones del idealismo – 4. La filosofía italiana del “risorgimiento” – 5. El pensamiento político y económico-social en los grandes estados europeos – 6. La ciencia del siglo XIX – 7. La filosofía del positivismo – 8. La reacción contra el naturalismo y el resurgimiento del espiritualismo.
942 _cBK
590 _aniveau_biblio:m niveau_hierar:0
100 1 _aCaletti, Oberdan
700 1 _aLamanna, E. Paolo
700 1 _aMazía, Floreal
999 _c4056
_d4056